000
00293nam a22001337a 4500
003
SGT
082
_a
340,KES
100
_a
KESARI,U.P.D.
245
_a
MODERN HINDU LAW
260
_a
ALLAHABAD
_b
CENTRAL LAW PUBLICATIONS
_c
2004
300
_a
458
650
_a
MODERN HINDU LAW
942
_2
ddc
_c
BK
999
_c
10543
_d
10543